<?xml version="1.0" encoding="UTF-8"?><marc:collection xmlns:marc="http://www.loc.gov/MARC21/slim">
  <marc:record>
    <marc:leader>00000nas  2200000za 4500</marc:leader>
    <marc:controlfield tag="001">9.822052</marc:controlfield>
    <marc:controlfield tag="003">CaOODSP</marc:controlfield>
    <marc:controlfield tag="005">20230721135921</marc:controlfield>
    <marc:controlfield tag="007">cr |||||||||||</marc:controlfield>
    <marc:controlfield tag="008">160805d20132020abcar pso    f0   b0fre|d</marc:controlfield>
    <marc:datafield tag="040" ind1=" " ind2=" ">
      <marc:subfield code="a">CaOODSP</marc:subfield>
      <marc:subfield code="b">fre</marc:subfield>
    </marc:datafield>
    <marc:datafield tag="043" ind1=" " ind2=" ">
      <marc:subfield code="a">n-cn---</marc:subfield>
    </marc:datafield>
    <marc:datafield tag="086" ind1="1" ind2=" ">
      <marc:subfield code="a">Iu92-1/7F-PDF</marc:subfield>
    </marc:datafield>
    <marc:datafield tag="110" ind1="1" ind2=" ">
      <marc:subfield code="a">Canada. </marc:subfield>
      <marc:subfield code="b">Diversification de l'économie de l'Ouest Canada.</marc:subfield>
    </marc:datafield>
    <marc:datafield tag="245" ind1="1" ind2="0">
      <marc:subfield code="a">Rapport annuel au Parlement …  </marc:subfield>
      <marc:subfield code="p">Administration de la Loi sur l'accès à l'information </marc:subfield>
      <marc:subfield code="h">[ressource électronique].</marc:subfield>
    </marc:datafield>
    <marc:datafield tag="260" ind1=" " ind2=" ">
      <marc:subfield code="a">[Edmonton] : </marc:subfield>
      <marc:subfield code="b">Diversification de l'économie de l'Ouest Canada, </marc:subfield>
      <marc:subfield code="c">[2013]-[2020]</marc:subfield>
    </marc:datafield>
    <marc:datafield tag="310" ind1=" " ind2=" ">
      <marc:subfield code="a">Annuel</marc:subfield>
    </marc:datafield>
    <marc:datafield tag="362" ind1="1" ind2=" ">
      <marc:subfield code="a">Paraît depuis 2012/2013; ne paraît plus après 2019/2020.</marc:subfield>
    </marc:datafield>
    <marc:datafield tag="500" ind1=" " ind2=" ">
      <marc:subfield code="a">Publ. aussi en anglais sous le titre : Annual report to Parliament, administration of the Access to Information Act.</marc:subfield>
    </marc:datafield>
    <marc:datafield tag="520" ind1="2" ind2=" ">
      <marc:subfield code="a">« La Loi sur l'accès à l'information confère aux citoyens canadiens, aux résidents permanents et à toute personne ou société présente au Canada un droit d'accès aux renseignements contenus dans les documents de l'administration fédérale, sous réserve de certaines exceptions particulières et limitées. Le Rapport annuel de Diversification de l'économie de l'Ouest Canada au Parlement explique comment le Ministère s'est acquitté de ses responsabilités en vertu de cette loi au coursau cours de chaque exercice. »</marc:subfield>
    </marc:datafield>
    <marc:datafield tag="692" ind1="0" ind2="7">
      <marc:subfield code="2">gccst</marc:subfield>
      <marc:subfield code="a">Accès à l'information</marc:subfield>
    </marc:datafield>
    <marc:datafield tag="775" ind1="0" ind2="8">
      <marc:subfield code="t">Annual report to Parliament ... </marc:subfield>
      <marc:subfield code="w">(CaOODSP)9.822048</marc:subfield>
    </marc:datafield>
    <marc:datafield tag="780" ind1="0" ind2="0">
      <marc:subfield code="t">Loi sur l'accès à l'information </marc:subfield>
      <marc:subfield code="w">(CaOODSP)9.504066</marc:subfield>
    </marc:datafield>
    <marc:datafield tag="785" ind1="0" ind2="0">
      <marc:subfield code="t">Rapport annuel au parlement. </marc:subfield>
      <marc:subfield code="w">(CaOODSP)9.924424</marc:subfield>
    </marc:datafield>
    <marc:datafield tag="785" ind1="0" ind2="0">
      <marc:subfield code="t">Rapport annuel au parlement. </marc:subfield>
      <marc:subfield code="w">(CaOODSP)9.925328</marc:subfield>
    </marc:datafield>
  </marc:record>
</marc:collection>
